| 000 | 00964 a2200229 4500 | ||
|---|---|---|---|
| 008 | 080820t xxu||||| |||| 00| 0 eng d | ||
| 010 | _aENG-84808 | ||
| 020 |
_a8175345551 _c2150.00 (set) |
||
| 035 | _aEN-68341 | ||
| 082 | _a345.54 | ||
| 100 | _aMonir, M | ||
| 245 |
_aLaw of evidence _cby M Monir ; revised by H. K. Saharay |
||
| 250 | _a14th ed | ||
| 260 |
_aNew Delhi : _bUniversal Law Publishing, _c2006. |
||
| 270 |
_aC-FF-1A, Dilkhush Industrial Area, G. T. Karnal Road, _bDelhi _cDelhi _e110033 _k011-27438103, 27215334 _l011-27458529 _msales@unilawbooks.com |
||
| 300 |
_av.1 (ccclxxi, 1111p.) _c24 cm. (Hb) |
||
| 500 | _aIncludes bibliographical references and index | ||
| 650 | _aEvidence law | ||
| 700 | _aSaharay, H. K. | ||
| 942 |
_adpl _cEN _k345.45 / MON _2ddc _h345.45 _mMON |
||
| 999 |
_c450 _d450 |
||